Commissioning code A 1996 (Record no. 105094)

MARC details
000 -LEADER
fixed length control field 01096cam a2200241 4500
001 - CONTROL NUMBER
control field ##L132317
008 - FIXED-LENGTH DATA ELEMENTS--GENERAL INFORMATION
fixed length control field 060125n1996 000 0 eng u
020 ## - INTERNATIONAL STANDARD BOOK NUMBER
International Standard Book Number 090095373X
035 ## - SYSTEM CONTROL NUMBER
System control number (Sirsi) u132317
041 0# - LANGUAGE CODE
Language code of text/sound track or separate title eng
050 04 - LIBRARY OF CONGRESS CALL NUMBER
Classification number 697.9 $2 18
110 2# - MAIN ENTRY--CORPORATE NAME
Corporate name or jurisdiction name as entry element The Chartered Institution of Building Services Engineers
9 (RLIN) 4877
245 00 - TITLE STATEMENT
Title Commissioning code A 1996
Remainder of title air distribution systems
250 ## - EDITION STATEMENT
Edition statement Rev. ed.
260 ## - PUBLICATION, DISTRIBUTION, ETC.
Place of publication, distribution, etc. London
Name of publisher, distributor, etc. CIBSE
Date of publication, distribution, etc. 1996
300 ## - PHYSICAL DESCRIPTION
Extent 28p.
Other physical details diagrams.
Dimensions 30cm.
350 ## - PRICE (NR) (BK AM CF MU VM SE) [OBSOLETE]
Price 28.00
505 2# - FORMATTED CONTENTS NOTE
Formatted contents note Introduction -- Preliminary checks -- Setting to work -- Regulation of air flow -- Commissioning documentation -- Witnessing.
520 ## - SUMMARY, ETC.
Summary, etc. Sets out the work stages required to commission typical air distribution systems. Appendices discuss design implications, installation, measurement of air flow and calibration of instrumentation, and health and safety arrangements.
651 #4 - SUBJECT ADDED ENTRY--GEOGRAPHIC NAME
Geographic name United Kingdom
Chronological subdivision
690 ## - LOCAL SUBJECT ADDED ENTRY--TOPICAL TERM (OCLC, RLIN)
Topical term or geographic name as entry element BUILT ENVIRONMENT-BUILDING ELEMENTS-COMPLETE BUILDING SERVICES ELEMENTS-COMPLETE HEATING, VENTILATION AND AIR CONDITIONING SYSTEMS
942 ## - ADDED ENTRY ELEMENTS (KOHA)
Suppress in OPAC 0
Holdings
Withdrawn status Lost status Source of classification or shelving scheme Damaged status Not for loan Home library Current library Shelving location Date acquired Cost, normal purchase price Total Checkouts Full call number Barcode Date last seen Copy number Cost, replacement price Price effective from Koha item type
    Dewey Decimal Classification     London London Folio 23/08/2006 199.50   F697.9 CIB 30072425 06/08/2019 1 199.50 06/08/2019 Book